Roue de la fortune - Mort subite #4 - Statistiques

Statistiques générales
  • Ce quiz a été pris 346 fois
  • Le résultat moyen est 21 sur 23
Statistiques - réponses
% Correct
E
98%
E
98%
E
98%
E
98%
E
98%
A
96%
A
96%
A
96%
L
90%
L
90%
L
90%
S
88%
S
88%
R
87%
I
86%
T
86%
U
86%
U
86%
M
84%
P
82%
P
82%
P
82%
B
81%
Aucun quiz correspondant
Distribution des résultats
% des personnes avec chaque résultat
Percentile par nombre de réponses
Votre historique - résultats
Vous n’avez pas pris ce quiz